000 00296nam a22001337a 4500
008 170726b xxu||||| |||| 00| 0 eng d
020 _a9780072866094
041 _aeng
080 _22ND
_a004
100 _a31
101 _aSHK
245 _aPROGRAMMING LANGUAGES
_cTUCKER,A.B
942 _2udc
_cBK
999 _c21967
_d21967